Privilegios aeronáuticos en el orden interno e internacional (Registro nro. 22062)

Detalles MARC
000 -LEADER
fixed length control field 00363 a2200109 4500
001 - CONTROL NUMBER
control field ART_37857
005 - DATE AND TIME OF LATEST TRANSACTION
control field 20260410161818.0
008 - FIXED-LENGTH DATA ELEMENTS--GENERAL INFORMATION
fixed length control field 260409a
100 1# - MAIN ENTRY--PERSONAL NAME
Personal name Capaldo, Griselda
245 10 - TITLE STATEMENT
Title Privilegios aeronáuticos en el orden interno e internacional
773 0# - HOST ITEM ENTRY
Title Revista Juridica de Buenos Aires
Related parts Derecho aeronáutico (ene. 2015)
Record control number REV4315

No hay ítems disponibles.